Home Print Resources E-Books E-Journals IIMT Lecture Series Library Membership Form Book Recommendation Form Campus Tour Take AdmissionAbout Us Contact Us

BRUKNER & KHAN'S CLINICAL SPORTS MEDICINE (Record no. 44576)

000 -LEADER
fixed length control field nam a22 7a 4500
003 - CONTROL NUMBER IDENTIFIER
control field OSt
005 - DATE AND TIME OF LATEST TRANSACTION
control field 20181105120806.0
008 - FIXED-LENGTH DATA ELEMENTS--GENERAL INFORMATION
fixed length control field 181105b xxu||||| |||| 00| 0 eng d
040 ## - CATALOGING SOURCE
Transcribing agency SEEROSOFT
100 ## - MAIN ENTRY--PERSONAL NAME
Personal name BRUKNER & KHAN'S
245 ## - TITLE STATEMENT
Title BRUKNER & KHAN'S CLINICAL SPORTS MEDICINE
250 ## - EDITION STATEMENT
Edition statement 5TH
260 ## - PUBLICATION, DISTRIBUTION, ETC.
Place of publication, distribution, etc. CHENNAI : INDIA
Name of publisher, distributor, etc. Mc GRAW-HILL EDUCATION
Date of publication, distribution, etc. 2018
300 ## - PHYSICAL DESCRIPTION
Extent 1064
Other physical details HARD BACK
942 ## - ADDED ENTRY ELEMENTS (KOHA)
Source of classification or shelving scheme
Koha item type Book Bank

No items available.

IIMT, Central Library. All Rights Reserved IIMT,UNIVERSITY © 2023
Implemented and Customised by I CLOUDE EMS
You Are OPAC Visitor No
free web counter

Powered by Koha